000 00338nam a2200145Ia 4500
005 20260328101456.0
008 260328s9999||||xx |||||||||||||| ||und||
100 _aConcultura
245 0 _aLa Ciudad como Patrimonio /
_cConcultura
250 _a1a ed.
260 _bFas Ediciones
300 _a71 p.
650 _aURBANISMO
942 _cBK
999 _c8838
_d8838